000 00531nam a2200181Ia 4500
999 _c37453
_d37453
003 OSt
005 20200929095717.0
008 190216s9999||||xx |||||||||||||| ||und||
020 _a8130000512
040 _coclc
082 _a598
_bPER/B
100 _aPerinthalmanna, K Ramachandran
_95103
245 0 _aBharathathile Pakshikal /
_cK Ramachandran Perinthalmanna
260 _bPoorna Publications,
_aKozhikode:
_c2005.
300 _a104p
650 _aZoology
942 _cBK
_2ddc
_h598
_iPER/B
_k598
_mPER/B